000 004340000a22001450004500
090 _aAR
_b01667
245 1 0 _aProblem of scale in community resource management
650 1 4 _aEcología del paisaje
_992227
650 1 4 _aManejo de los recursos naturales
_992932
650 1 4 _aEscalas
_995086
041 0 _aEspañol
100 1 _aFox, Jefferson
_995087
942 _cARTICULO
773 1 _tEnviromental Management
_3577
_h3
_q289-297
_d1992
_g16
999 _c10747
_d10747